00390nam a22001457a 450000500170000000800410001702000180005804100120007608200120008810000120010024500370011226000450014930000250019465000250021920250723131953.0250723b |||||||| |||| 00| 0 eng d a9781485154082 aEnglish a349 JUT lEnglish aJuta's Statutes of South Africa  aCape Town:bJuta and Company Ltd, c2025 b439 pages; c28 cm.  aLegal practice bLaw